A geological reconnaissance of the Hailey gold belt (Camas district) Blaine County, Idaho, (Record no. 28253)

MARC details
000 -LEADER
fixed length control field 01178cam a22003131 4500
001 - CONTROL NUMBER
control field gs 48000056
003 - CONTROL NUMBER IDENTIFIER
control field DLC
005 - DATE AND TIME OF LATEST TRANSACTION
control field 20260227111353.0
008 - FIXED-LENGTH DATA ELEMENTS--GENERAL INFORMATION
fixed length control field 850404s1946 iduab b s000 0 eng c
010 ## - LIBRARY OF CONGRESS CONTROL NUMBER
LC control number gs 48000056
035 ## - SYSTEM CONTROL NUMBER
System control number (OCoLC)11886318
040 ## - CATALOGING SOURCE
Original cataloging agency U.S. Geol. Survey. Libr.
Transcribing agency WaChenE
Modifying agency WaChenE
-- DLC
042 ## - AUTHENTICATION CODE
Authentication code premarc
043 ## - GEOGRAPHIC AREA CODE
Geographic area code n-us-id
050 00 - LIBRARY OF CONGRESS CALL NUMBER
Classification number TN24.I2
Item number A43 no. 76
082 ## - DEWEY DECIMAL CLASSIFICATION NUMBER
Classification number 553.41
100 1# - MAIN ENTRY--PERSONAL NAME
Personal name Anderson, Alfred Leonard,
Dates associated with a name 1900-1964.
245 12 - TITLE STATEMENT
Title A geological reconnaissance of the Hailey gold belt (Camas district) Blaine County, Idaho,
Statement of responsibility, etc. by Alfred L. Anderson and Warren R. Wagner.
260 ## - PUBLICATION, DISTRIBUTION, ETC.
Place of publication, distribution, etc. Moscow,
Name of publisher, distributor, etc. University of Idaho,
Date of publication, distribution, etc. 1946.
300 ## - PHYSICAL DESCRIPTION
Extent 26 leaves
Other physical details illus., maps (part. fold., 2 laid in)
Dimensions 28 cm.
490 1# - SERIES STATEMENT
Series statement Pamphlet,
Volume/sequential designation 76
500 ## - GENERAL NOTE
General note At head of title: State of Idaho, Idaho Bureau of Mines and Geology.
504 ## - BIBLIOGRAPHY, ETC. NOTE
Bibliography, etc. note Bibliographical footnotes.
650 #0 - SUBJECT ADDED ENTRY--TOPICAL TERM
Topical term or geographic name entry element Geology
Geographic subdivision Idaho
-- Blaine County.
650 #0 - SUBJECT ADDED ENTRY--TOPICAL TERM
Topical term or geographic name entry element Gold mines and mining
Geographic subdivision Idaho
-- Blaine County.
700 1# - ADDED ENTRY--PERSONAL NAME
Personal name Wagner, Warren Richard,
Dates associated with a name 1912-
710 2# - ADDED ENTRY--CORPORATE NAME
Corporate name or jurisdiction name as entry element Idaho Bureau of Mines and Geology.
830 #0 - SERIES ADDED ENTRY--UNIFORM TITLE
Uniform title Pamphlet (Idaho Bureau of Mines and Geology) ;
Volume/sequential designation no. 76.

No items available.

Powered by Koha